| 000 | 00647nam a2200217 a 4500 | ||
|---|---|---|---|
| 003 | OSt | ||
| 005 | 20140310183627.0 | ||
| 008 | 061121s19uu xx 00 eng d | ||
| 020 | _a981-240-320-5 | ||
| 050 |
_aTX 921 _b.Sh45 2000 |
||
| 100 | _aShiring, Stephen B., Sr. | ||
| 245 |
_aIntroduction to catering : _bingredient for success / _cStephen B. Shiring ... [et,al.] |
||
| 260 |
_aAustralia : _bThomson Delmar Learning, _c2000. |
||
| 300 |
_a398 p. : _bill. ; _c25 cm. |
||
| 521 | _aTOU | ||
| 650 | _aCaterers and catering. | ||
| 700 | _aJardine, William R. | ||
| 700 | _aMills, Richrad J., Jr | ||
| 942 |
_cBK _2lcc _kFOR |
||
| 999 |
_c25541 _d25541 |
||